Sports Quiz

Random Sports or Basketball Quiz
Score 0/30 Timer 11:00
0 Plays Today
Team Player % Correct
ClippersBlake Griffin
99.1%
GrizzliesHasheem Thabeet
93.3%
TimberwolvesRicky Rubio
92.4%
TimberwolvesJonny Flynn
91.6%
WarriorsStephen Curry
90.7%
ThunderJames Harden
81.3%
KingsTyreke Evans
80.9%
BucksBrandon Jennings
80%
Timberwolves (traded to DEN)Ty Lawson
67.1%
KnicksJordan Hill
64.4%
RaptorsDeMar DeRozan
63.6%
PacersTyler Hansbrough
63.1%
NetsTerrence Williams
61.3%
BobcatsGerald Henderson
48.4%
BullsJames Johnson
42.7%
Team Player % Correct
76ersJrue Holiday
41.8%
BullsTaj Gibson
40.9%
Hornets Darren Collison
39.1%
PistonsAustin Daye
38.7%
HawksJeff Teague
38.2%
TimberwolvesWayne Ellington
37.3%
SunsEarl Clark
34.7%
JazzEric Maynor
29.8%
KingsOmri Casspi
29.3%
Mavericks (traded to OKC)B.J. Mullens
24%
Thunder (traded to DAL)Rodrigue Beaubois
19.1%
Lakers (traded to NYK)Toney Douglas
15.1%
GrizzliesDaMarre Carroll
8.4%
CavaliersChristian Eyenga
5.8%
BlazersVictor Claver
4.9%
Remove Ads.
Support Sporcle.
Get the best of Sporcle when you Go Orange. This ad-free experience offers more features, more stats, and more fun while also helping to support Sporcle. Thank you for becoming a member.

You're not logged in!

Compare scores with friends on all Sporcle quizzes.
OR
Log In

Show Comments

Extras

Top Quizzes Today


Score Distribution

Your Account Isn't Verified!

In order to create a playlist on Sporcle, you need to verify the email address you used during registration. Go to your Sporcle Settings to finish the process.

Report this User

Report this user for behavior that violates our Community Guidelines.

Details: